Členské státy EU: Velká Británie

Povojnový vývoj a postoj Veľkej Británie k integračnému procesu v Európe. Vstup Veľkej Británie do Európskeho spoločenstva a odmietnutie spoločnej meny. Vybrané makroekonomické ukazovatele ekonomiky Veľkej Británie.

Salvato in:
Dettagli Bibliografici
Autore principale: Lukáš, Zdeněk
Natura: Capitolo di libro
Lingua:ceco
Soggetti:
Tags: Aggiungi Tag
Nessun Tag, puoi essere il primo ad aggiungerne!!

MARC

LEADER 00000naa a2200000 4500
001 r036631
005 20230920100204.9
041 0 |a cze 
044 |a CZ 
245 1 0 |a Členské státy EU: Velká Británie  |c Zdeněk Lukáš 
520 |a Povojnový vývoj a postoj Veľkej Británie k integračnému procesu v Európe. Vstup Veľkej Británie do Európskeho spoločenstva a odmietnutie spoločnej meny. Vybrané makroekonomické ukazovatele ekonomiky Veľkej Británie. 
610 2 0 |a vývoj hospodársky 
610 2 0 |a integrácia ekonomická medzinárodná 
610 2 0 |a ukazovatele makroekonomické 
610 2 0 |a euro 
610 2 0 |a Veľká Británia 
610 2 0 |a Európska únia 
100 1 |a Lukáš, Zdeněk